Les spécialités culinaires des villes françaises - Statistiques

Statistiques générales
  • Ce quiz a été pris 206 fois
  • Le résultat moyen est 11 sur 20
Statistiques - réponses
Hint Réponse % Correct
Moutarde Dijon
99%
Cannelé Bordeaux
86%
Espelette piment
84%
Bouillabaisse Marseille
83%
Agen pruneaux
74%
Le Mans rillettes
70%
Montélimar nougat
68%
Tripes Caen
66%
Cambrai bétises
64%
Menton citron
62%
Quenelle Lyon
62%
Pissaladière Nice
59%
Cassoulet Castelnaudary
57%
Strasbourg choucroute
55%
Vire andouille
36%
Bergamotes Nancy
25%
Reims biscuit rose
22%
Noix Grenoble
21%
Mouclade La Rochelle
11%
Nîmes brandade
9%
Aucun quiz correspondant
Distribution des résultats
% des personnes avec chaque résultat
Percentile par nombre de réponses
Votre historique - résultats
Vous n’avez pas pris ce quiz